=LDR 00000nam 2200000 4500 =001 INLIS000000000028315 =005 20130612130629 =008 ***********************************Ind** =035 ##$$a0010-061300000028315 =041 ##$$a Ind =082 ##$$a F.Rom.K =090 ##$$a F.Rom.K, Son p =100 ##$$a Sonata, Thamrin =245 ##$$a Pandu si detektif cilik, Thamrin Sonata =260 ##$$a 1997 $b Jakarta =300 ##$$a v, 80 hlm, 23 cm =650 ##$$a Fiksi Anak-anak =850 ##$$a NBPNMAT =990 ##$$a 21195106/BPAP-NTB/2014